<?xml version="1.0" encoding="UTF-8"?>
<collection xmlns="http://www.loc.gov/MARC21/slim">
<record>
  <controlfield tag="001">132340</controlfield>
  <controlfield tag="005">20240304123153.0</controlfield>
  <datafield tag="037" ind1=" " ind2=" ">
    <subfield code="a">TESIS-2024-057</subfield>
  </datafield>
  <datafield tag="041" ind1=" " ind2=" ">
    <subfield code="a">spa</subfield>
  </datafield>
  <datafield tag="100" ind1="1" ind2=" ">
    <subfield code="a">Campillos Morón , Luis Ángel </subfield>
  </datafield>
  <datafield tag="245" ind1="0" ind2="0">
    <subfield code="a">Gusanos y goteras. Ontología de fuerzas. Texturas. Modos de habitar</subfield>
  </datafield>
  <datafield tag="260" ind1=" " ind2=" ">
    <subfield code="a">Zaragoza</subfield>
    <subfield code="b">Universidad de Zaragoza, Prensas de la Universidad</subfield>
    <subfield code="c">2023</subfield>
  </datafield>
  <datafield tag="300" ind1=" " ind2=" ">
    <subfield code="a">360</subfield>
  </datafield>
  <datafield tag="490" ind1="0" ind2=" ">
    <subfield code="a">Tesis de la Universidad de Zaragoza</subfield>
    <subfield code="x">2254-7606</subfield>
    <subfield code="v">2024-54</subfield>
  </datafield>
  <datafield tag="500" ind1=" " ind2=" ">
    <subfield code="a">Presentado:  16 10 2023</subfield>
  </datafield>
  <datafield tag="502" ind1=" " ind2=" ">
    <subfield code="a">Tesis-Univ. Zaragoza,  , 2023</subfield>
    <subfield code="b">Zaragoza, Universidad de Zaragoza</subfield>
    <subfield code="c">2023</subfield>
  </datafield>
  <datafield tag="520" ind1=" " ind2=" ">
    <subfield code="a">Desde el marco del llamado giro espacial, donde la pregunta por el espacio adquiere máxima relevancia a mediados del siglo XX, el presente trabajo presenta una ontología de fuerzas con base en Nietzsche, Deleuze y Foucault, sobre todo. No obstante, estudiaremos diversos autores integrando sus conceptos en nuestra problemática, como el caso del último Kant, Whitehead, Sloterdijk, Baudrillard, Heidegger, Tiqqun, Hartmut Rosa, Jesús Ibáñez, entre otros. Nuestro principal objetivo es construir una ontología de fuerzas, materialista e inmanente, desde la que luchar contra cualquier Sistema de corte impositivo, en busca de modos de habitar activos.&lt;br />Palabras clave: ontología; fuerzas; espacio; política; Deleuze.&lt;br /></subfield>
  </datafield>
  <datafield tag="506" ind1=" " ind2=" ">
    <subfield code="a">by-nc</subfield>
    <subfield code="b">Creative Commons</subfield>
    <subfield code="c">3.0</subfield>
    <subfield code="u">http://creativecommons.org/licenses/by-nc/3.0/es</subfield>
  </datafield>
  <datafield tag="520" ind1=" " ind2=" ">
    <subfield code="a">Abstract.  	 Within the framework of the so-called spatial turn, where the question of space acquired maximum relevance in the mid-twentieth century, this paper presents an ontology of forces based on Nietzsche, Deleuze and Foucault, above all. Nevertheless, we will study various authors integrating their concepts into our problematic, such as the case of the late Kant, Whitehead, Sloterdijk, Baudrillard, Heidegger, Tiqqun, Hartmut Rosa, Jesús Ibáñez, among others. Our main objective is to construct an ontology of forces, materialist and immanent, from which to fight against any imposing System, in search of active ways of inhabiting. Keywords: ontology; forces; space; politics; Deleuze.&lt;br /></subfield>
  </datafield>
  <datafield tag="521" ind1=" " ind2=" ">
    <subfield code="9">7068</subfield>
    <subfield code="a">Programa de Doctorado en Filosofía</subfield>
  </datafield>
  <datafield tag="653" ind1="1" ind2=" ">
    <subfield code="a">filosofía</subfield>
  </datafield>
  <datafield tag="700" ind1=" " ind2=" ">
    <subfield code="a">Aragües Estragues, Juan Manuel</subfield>
    <subfield code="e">dir.</subfield>
  </datafield>
  <datafield tag="700" ind1=" " ind2=" ">
    <subfield code="a">Canavera, Julien</subfield>
    <subfield code="e">dir.</subfield>
  </datafield>
  <datafield tag="710" ind1="2" ind2=" ">
    <subfield code="a">Universidad de Zaragoza</subfield>
    <subfield code="b"> </subfield>
  </datafield>
  <datafield tag="830" ind1=" " ind2=" ">
    <subfield code="9">480</subfield>
  </datafield>
  <datafield tag="856" ind1="0" ind2=" ">
    <subfield code="f">cdeurop@unizar.es</subfield>
  </datafield>
  <datafield tag="856" ind1="4" ind2=" ">
    <subfield code="u">http://zaguan.unizar.es/record/132340/files/TESIS-2024-057.pdf</subfield>
    <subfield code="z">Texto completo (spa)</subfield>
  </datafield>
  <datafield tag="909" ind1="C" ind2="O">
    <subfield code="o">oai:zaguan.unizar.es:132340</subfield>
    <subfield code="p">driver</subfield>
    <subfield code="p">tesis</subfield>
  </datafield>
  <datafield tag="910" ind1="2" ind2=" ">
    <subfield code="a">Artes y Humanidades</subfield>
    <subfield code="b"> </subfield>
  </datafield>
  <datafield tag="980" ind1=" " ind2=" ">
    <subfield code="a">TESIS</subfield>
  </datafield>
</record>
</collection>